Nenne die Sternbilder - mit einer Karte - Statistiken

Allgemein
  • Dieses Quiz wurde 3.141 mal gespielt
  • Das Durchschnittsergebnis liegt bei 7 aus 21
Antworten auf der Karte
Die Antworten werden auf der Karte rot bzw. grün angezeigt, abhängig davon wie oft sie richtig erraten wurden.
 
Antwortstatistiken
Sternbild % Korrekt
Großer Bär
85%
Kleiner Bär
78%
Löwe
56%
Stier
53%
Jungfrau
47%
Skorpion
47%
Fische
45%
Orion
40%
Zwillinge
40%
Drache
29%
Kassiopeia
27%
Schwan
24%
Adler
16%
Pegasus
15%
Herkules
12%
Bärenhüter
10%
Perseus
9%
Wasserschlange
9%
Fuhrmann
8%
Kepheus
6%
Luchs
5%
Keine übereinstimmenden Quizze gefunden
Verteilung der Resultate
Anzahl Personen mit jedem Resultat
Perzentil nach korrekt beantworteten Fragen
Ihre Resultats-Entwicklung
Sie haben dieses Quiz noch nicht gespielt